Central Library OPAC University of Rajshahi

Love and war / (Record no. 63278)

MARC details
000 -LEADER
fixed length control field 00694nam a2200229 a 4500
001 - CONTROL NUMBER
control field 63278
003 - CONTROL NUMBER IDENTIFIER
rucl marc code BD-RjUL
005 - DATE AND TIME OF LATEST TRANSACTION
control field 20211209081157.0
008 - FIXED-LENGTH DATA ELEMENTS--GENERAL INFORMATION
fixed length control field 170129s1984 enk 000 1 eng d
020 ## - INTERNATIONAL STANDARD BOOK NUMBER
International Standard Book Number 0151544964
035 ## - SYSTEM CONTROL NUMBER
System control number (BD-RjUL)63407
040 ## - CATALOGING SOURCE
Original cataloging agency BD-RjUL
Language of cataloging eng
Transcribing agency BD-RjUL
Modifying agency BD-RjUL
041 ## - LANGUAGE CODE
Language code of text/sound track or separate title eng
082 ## - DEWEY DECIMAL CLASSIFICATION NUMBER
Classification number 813.54
Edition number 54
Author mark and year JAL 1984
100 1# - MAIN ENTRY--PERSONAL NAME
Personal name Jakes, John
Dates associated with a name 1932-
9 (RLIN) 188320
245 10 - TITLE STATEMENT
Title Love and war /
Statement of responsibility, etc. John Jakes
260 ## - PUBLICATION, DISTRIBUTION, ETC. (IMPRINT)
Place of publication, distribution, etc. San Diego :
Name of publisher, distributor, etc. Harcourt Brace Jovanovich,
Date of publication, distribution, etc. c1984.
300 ## - PHYSICAL DESCRIPTION
Pagination 1019 p. :
Size ill. ;
Illustrations 24 cm
651 ## - SUBJECT ADDED ENTRY--GEOGRAPHIC NAME
Geographic name United States
Form subdivision History
General subdivision Civil War,
-- Fiction.
Chronological subdivision 1861-1865
9 (RLIN) 188321
Geographic name United States
Form subdivision History
General subdivision Fiction.
9 (RLIN) 188322
942 ## - ADDED ENTRY ELEMENTS (KOHA)
Source of classification or shelving scheme Dewey Decimal Classification
Koha item type Books
Holdings
Lost status Source of classification or shelving scheme Damaged status Not for loan Collection code Permanent Location Current Location Shelving location Date acquired Source of acquisition Total Checkouts Full call number Date last seen Copy number Koha item type
  Dewey Decimal Classification   Not For Loan Fiction Central Library, University of Rajshahi Central Library, University of Rajshahi Reading Room 13/06/1994 Asia foundation   813.54 JAL 1984 29/01/2017 C-1 Books